| 000 | 00468nam a2200157 i 4500 | ||
|---|---|---|---|
| 001 | 95066 | ||
| 003 | ES-MaACL | ||
| 005 | 20230906181627.0 | ||
| 007 | t| | ||
| 008 | 050520s1927 sp ||||1| spa d | ||
| 100 | 1 |
_aLuna, Manuel. _974759 |
|
| 245 | 1 | 3 |
_aEl milagro de la Virgen de las Nieves _b: (novela de Canarias) / _cManuel Luna. |
| 260 |
_aSanta Cruz de Tenerife : _b[s.n.], _c1927 ( _fTip. Católica) |
||
| 300 |
_a60 p. ; _c16 cm. |
||
| 852 |
_aES-MaACL _j1712-F-6 |
||
| 999 |
_c95066 _d95066 |
||